Statistics for Artists who reached #1 in the USA that starts with Q, X, Y or Z

Click here to take the quiz!

General Stats

  • This quiz has been taken 32 times
    (11 since last reset)
  • The average score is 3 of 13

Answer Stats

S. w/#SongArtist% Correct
Q2Another One Bites the DustQueen
82%
Y1Old ManNeil Young
45%
Y1Do They Know It's Christmas?Paul Young
45%
Y1Owner of a Lonely HeartYes
36%
Z1PillowtalkZayn
36%
Y1DespacitoDaddy Yankee
27%
Q1Look at My DabQuavo
9%
X1I Love ItCharli XCX
9%
Y1I Know You See ItYung Joc
9%
Q196 TearsQuestion Mark & the Mysterians
0%
Y1Say IYoung Jeezy
0%
Y1HavanaYoung Thug
0%
Z1In the Year 2525Zager And Evans
0%

Score Distribution

Percentile by Number Answered

Percent of People with Each Score

Your Score History

You have not taken this quiz since the last reset